<?xml version="1.0" encoding="UTF-8"?>
<record
    xmlns:xsi="http://www.w3.org/2001/XMLSchema-instance"
    xsi:schemaLocation="http://www.loc.gov/MARC21/slim http://www.loc.gov/standards/marcxml/schema/MARC21slim.xsd"
    xmlns="http://www.loc.gov/MARC21/slim">

  <leader>01182nab a22002657i 4500</leader>
  <controlfield tag="003">KOSZ 005</controlfield>
  <controlfield tag="005">20170301134335.0</controlfield>
  <controlfield tag="008">160308s2010        ||||| ||||0|| ||pol </controlfield>
  <datafield tag="035" ind1=" " ind2=" ">
    <subfield code="a">PBN-R:314452</subfield>
  </datafield>
  <datafield tag="040" ind1=" " ind2=" ">
    <subfield code="c">KOSZ 005/md</subfield>
    <subfield code="a">PBN-ID</subfield>
  </datafield>
  <datafield tag="041" ind1="0" ind2=" ">
    <subfield code="a">pol</subfield>
  </datafield>
  <datafield tag="100" ind1=" " ind2=" ">
    <subfield code="a">STRZELECKA, Agnieszka.</subfield>
    <subfield code="b">Politechnika Koszali&#x144;ska - Wydzia&#x142; Nauk Ekonomicznych,</subfield>
    <subfield code="c">Katedra Finans&#xF3;w</subfield>
    <subfield code="d">2006 - .</subfield>
  </datafield>
  <datafield tag="245" ind1="1" ind2="0">
    <subfield code="a">Zmiany w strukturze oszcz&#x119;dno&#x15B;ci gospodarstw domowych w Polsce lokowanych w bankach w latach 2000-2010 /</subfield>
    <subfield code="c">Agnieszka Strzelecka.</subfield>
  </datafield>
  <datafield tag="260" ind1=" " ind2=" ">
    <subfield code="c">2010.</subfield>
  </datafield>
  <datafield tag="650" ind1=" " ind2="0">
    <subfield code="a">Ekonomia.</subfield>
  </datafield>
  <datafield tag="650" ind1=" " ind2="0">
    <subfield code="a">Finanse.</subfield>
  </datafield>
  <datafield tag="650" ind1=" " ind2="0">
    <subfield code="a">Economics.</subfield>
  </datafield>
  <datafield tag="650" ind1=" " ind2="0">
    <subfield code="a">Finance.</subfield>
  </datafield>
  <datafield tag="650" ind1=" " ind2="0">
    <subfield code="a">Original article.</subfield>
  </datafield>
  <datafield tag="650" ind1=" " ind2="0">
    <subfield code="a">Original article presents the results of original research or experiment.</subfield>
  </datafield>
  <datafield tag="650" ind1=" " ind2="0">
    <subfield code="a">Oryginalny artyku&#x142; naukowy.</subfield>
  </datafield>
  <datafield tag="650" ind1=" " ind2="0">
    <subfield code="a">Oryginalny artyku&#x142; naukowy przedstawia rezultaty oryginalnych bada&#x144; naukowych lub eksperymentu.</subfield>
  </datafield>
  <datafield tag="773" ind1="0" ind2="8">
    <subfield code="i">W:</subfield>
    <subfield code="t">Annales Universitatis Mariae Curie-Sk&#x142;odowska, Sectio H Oeconomia. -</subfield>
    <subfield code="x">0459-9586</subfield>
    <subfield code="d">Wydawnictwo Uniwersytetu Marii Curie-Sk&#x142;odowskiej</subfield>
    <subfield code="g">2010, Z. XLIV 2, s. 374-385.</subfield>
  </datafield>
  <datafield tag="942" ind1=" " ind2=" ">
    <subfield code="c">ART</subfield>
    <subfield code="2">UKD</subfield>
  </datafield>
  <datafield tag="999" ind1=" " ind2=" ">
    <subfield code="c">7989</subfield>
    <subfield code="d">7989</subfield>
  </datafield>
</record>
